000 00348 a2200109 4500
001 ART_19181
005 20260410161921.0
008 260409a
245 1 0 _aPérdidas por siniestro y entregas a título gratuito en el IVA
100 1 _aGaffuri, Silvia
773 0 _tLa información
_g- Tomo XXXIX, Nº 592 (abr. 1979)
_wREV14902
999 _c27690
_d27690